[Event "ATL-ch"]
[Site "Barranquilla"]
[Date "1999.??.??"]
[Round "8"]
[White "Fajardo, Carlos Emilio"]
[Black "Chegwing, Alberto"]
[Result "0-1"]
[WhiteElo "2020"]
[BlackElo "2030"]

1.d4 Nf6 2.c4 d6 3.Nf3 g6 4.Nc3 Bg7 5.e4 O-O 6.Be2 e5 7.O-O Nc6 8.Be3 Ng4
9.Bg5 f6 10.Bc1 Nh6 11.dxe5 fxe5 12.Bg5 Qe8 13.Nd5 Rf7 14.h3 Kh8 15.Qd2 Ng8
16.Be3 Qd8 17.Ng5 Rf8 18.f4 Nf6 19.f5 h6 20.Ne6 Bxe6 21.fxe6 Nxe4 22.Qd3 Ng3
23.Rxf8+ Qxf8 24.Nxc7 e4 25.Qd2 Rc8 26.Nd5 Re8 27.Bg4 h5 28.Nf4 Kh7 29.Qe1 h4
30.Qd2 Ne5 31.Qd5 Bh6 32.c5 Bxf4 33.Bd4 Nxg4 34.hxg4 Ne2+ 35.Kh1 Nxd4 36.Qxd4 Rxe6
37.cxd6 Bxd6 38.Re1 Qf4 39.Kg1 Rf6 40.Qxf6 Qxf6  0-1

[Event "Oberliga Bayern9899"]
[Site "Bayern"]
[Date "1999.??.??"]
[Round "?"]
[White "Hornung, Hans"]
[Black "Heika, Martin"]
[Result "1-0"]
[WhiteElo "2145"]
[BlackElo "2210"]

1.d4 Nf6 2.Nf3 g6 3.c4 Bg7 4.Nc3 O-O 5.e4 d6 6.Be2 e5 7.O-O Nc6 8.d5 Ne7
9.b4 Nh5 10.Re1 f5 11.Ng5 Nf4 12.Bxf4 exf4 13.Rc1 h6 14.Ne6 Bxe6 15.dxe6 c6
16.Bf3 Be5 17.Qb3 Qc7 18.c5 Bxc3 19.Qxc3 fxe4 20.cxd6 Qxd6 21.Bxe4 Rad8 22.Qh3 Kg7
23.Qg4 Rf6 24.b5 Qxe6 25.Bf5 Qd6 26.Be4 Nf5 27.bxc6 bxc6 28.Rxc6 Qb4 29.Rc7+ Kh8
30.Qe2 Re8 31.Rd1 Qxe4 32.Qxe4  1-0

[Event "Regionalliga NW9899"]
[Site "Bayern"]
[Date "1999.??.??"]
[Round "?"]
[White "Lang, Stefan2"]
[Black "Wichmann, Christian"]
[Result "1-0"]
[WhiteElo "2100"]
[BlackElo "1950"]

1.d4 Nf6 2.c4 g6 3.Nc3 Bg7 4.e4 O-O 5.Nf3 d6 6.Be2 e5 7.O-O Nc6 8.d5 Ne7
9.b4 Nh5 10.Re1 f5 11.Ng5 Nf4 12.Bxf4 exf4 13.Rc1 h6 14.Ne6 Bxe6 15.dxe6 Kh8
16.Bf3 Be5 17.Qd2 c6 18.b5 Qc8 19.exf5 gxf5 20.c5 Qxe6 21.cxd6 Qxd6 22.Qxd6 Bxd6
23.Re6 Ba3 24.Rb1 Rac8 25.bxc6 Nxc6 26.Rxb7 Ne7 27.Rb3 Bc5 28.h3 Ng8 29.Ne2 Bb6
30.Rb1 Rc2 31.a4 Ra2 32.a5 Rxa5 33.Nxf4 Rf6 34.Re8 Rd6 35.Rc1 Kg7 36.Rcc8 Ra1+
37.Kh2 Bxf2 38.Rxg8+ Kf6 39.Rg6+ Kf7 40.Rxd6  1-0

[Event "Regionalliga SO9899"]
[Site "Bayern"]
[Date "1999.??.??"]
[Round "?"]
[White "Knollhuber, Peter"]
[Black "Schmidbauer, Franz"]
[Result "1-0"]
[WhiteElo "1705"]
[BlackElo "1930"]

1.d4 Nf6 2.Nf3 g6 3.c4 Bg7 4.Nc3 O-O 5.e4 d6 6.Be2 e5 7.O-O Nc6 8.d5 Ne7
9.a3 Nd7 10.b4 f5 11.Nd2 Nf6 12.f3 f4 13.g4 Kh8 14.Kg2 h5 15.h3 Nh7 16.Rh1 Bf6
17.c5 Bh4 18.Bb2 Ng5 19.Rc1 Bd7 20.Nc4 Be8 21.a4 Nf7 22.Ba3 a6 23.Qb3 Rg8
24.b5 Rg7 25.Bb4 dxc5 26.Bxc5 b6 27.Ba3 a5 28.Nd1 Nc8 29.Ndb2 Ncd6 30.Nd3 Qe7
31.Bb2 Bf6 32.Qc3 Nxc4 33.Qxc4 Rc8 34.Qc3 g5 35.Rc2 Bd7 36.Rhc1 hxg4 37.hxg4 Rh7
38.Qa3 Qd8 39.Rxc7 Rxc7 40.Rxc7 Be7 41.Qc3 Bd6 42.Rb7 Qf8 43.Rxd7 Qh6 44.Qc8+ Bf8
45.Bxe5+ Kg8 46.Nf2 Qh2+ 47.Kf1 Nxe5 48.Rxh7 Qxh7 49.Qe6+ Nf7 50.Bc4 Bd6
51.e5 Qc2 52.exd6 Qxc4+ 53.Kg2 Kg7 54.d7 Qa2 55.Qxf7+ Kxf7 56.d8=Q  1-0

[Event "Regionalliga SW9899"]
[Site "Bayern"]
[Date "1999.??.??"]
[Round "?"]
[White "Jermann, Frank"]
[Black "Baeurle, Stefan"]
[Result "1/2-1/2"]
[WhiteElo "2090"]
[BlackElo "1970"]

1.d4 Nf6 2.Nf3 g6 3.c4 Bg7 4.Nc3 O-O 5.e4 d6 6.Be2 e5 7.O-O Nc6 8.d5 Ne7
9.Ne1 Nd7 10.Nd3 f5 11.Bd2 Kh8 12.Rc1 c5 13.Rb1 Nf6 14.f3 Neg8 15.b4 b6 16.bxc5 bxc5
17.g4 Ne8 18.Qc1 fxg4 19.fxg4 Rxf1+ 20.Qxf1 Bf6 21.Qc1  1/2-1/2

[Event "Regionalliga SW9899"]
[Site "Bayern"]
[Date "1999.??.??"]
[Round "?"]
[White "Jermann, Frank"]
[Black "Lux, Werner"]
[Result "1-0"]
[WhiteElo "2090"]
[BlackElo "1860"]

1.d4 Nf6 2.Nf3 g6 3.c4 Bg7 4.Nc3 O-O 5.e4 d6 6.Be2 e5 7.O-O Nc6 8.d5 Ne7
9.Ne1 Nd7 10.Nd3 f5 11.Bd2 f4 12.Bg4 h5 13.Be6+ Kh8 14.f3 Nf6 15.Bxc8 Rxc8
16.b4 g5 17.a4 Ng6 18.a5 Rf7 19.a6 b6 20.Nb5 Ra8 21.Be1 Bf8 22.Bf2 Qd7 23.Nc3 Nh7
24.Kh1 Be7 25.c5 g4 26.fxg4 hxg4 27.Qa4 Qd8 28.Qd1 Nf6 29.Kg1 Qf8 30.g3 Qh6
31.Qc2 Rh7 32.Be1 f3 33.Qd2 Qh3 34.cxb6 cxb6 35.Ra2 Ne8 36.Qf2 Nc7 37.Bd2 Qh5
38.Be3 Rb8 39.Na4 Na8 40.Rc2 Bd8 41.b5 Nf8 42.Nb4 Qg6 43.Nc6 Rc8 44.Ne7 Bxe7
45.Rxc8 Qxe4 46.Rfc1  1-0

[Event "Regionalliga SW9899"]
[Site "Bayern"]
[Date "1999.??.??"]
[Round "?"]
[White "Jermann, Frank"]
[Black "Schaffranietz, Horst"]
[Result "1-0"]
[WhiteElo "2090"]
[BlackElo "1895"]

1.d4 Nf6 2.Nf3 g6 3.c4 Bg7 4.Nc3 O-O 5.e4 d6 6.Be2 e5 7.O-O Nc6 8.d5 Ne7
9.Ne1 Nd7 10.Nd3 f5 11.Bd2 Nf6 12.f3 Rf7 13.c5 a6 14.Rc1 Bf8 15.cxd6 cxd6
16.Qb3 f4 17.Na4 b5 18.Nc3 g5 19.Nf2 Rg7 20.a4 bxa4 21.Nxa4 Ng6 22.Qb6 Qe8
23.Qa5 Be7 24.Qb4 h5 25.Nb6 Rb8 26.Rxc8 Rxc8 27.Nxc8 Qxc8 28.Rc1 Qa8 29.Qb6 g4
30.fxg4 hxg4 31.Bxg4 Nxg4 32.Nxg4 Nh4 33.h3 f3 34.g3 Rxg4 35.hxg4 Qf8 36.gxh4 Bxh4
37.Qe3 f2+ 38.Kg2 Kh7 39.Rh1 Kg6 40.Qh3 Qf6 41.g5  1-0

[Event "Regionalliga SW9899"]
[Site "Bayern"]
[Date "1999.??.??"]
[Round "?"]
[White "Katzer, Joachim"]
[Black "Koepke, Christian"]
[Result "1/2-1/2"]
[WhiteElo "1935"]
[BlackElo "1635"]

1.d4 Nf6 2.Nf3 g6 3.c4 Bg7 4.Nc3 O-O 5.e4 d6 6.Be2 e5 7.O-O Nc6 8.d5 Ne7
9.Nd2 a5 10.Rb1 Nd7 11.a3 f5 12.f3 Kh8 13.b4 Ng8 14.Qc2 Ngf6 15.Bd3 f4 16.Bb2 b6
17.Nb5 axb4 18.axb4 Ba6 19.Nc3 g5 20.Be2 h5 21.h3 Rg8 22.Nd1 Bh6 23.Nf2 Rg6
24.Ra1 Bb7 25.Rxa8 Bxa8 26.Ra1 Bb7 27.Ra7 Qb8 28.Qa4 Rg7 29.Qa1 Re7 30.Nb3 Bg7
31.Bc3 Ne8 32.Nd3 Bf6 33.Ra3 Qd8 34.c5 Bc8 35.Ra8  1/2-1/2

[Event "Regionalliga SW9899"]
[Site "Bayern"]
[Date "1999.??.??"]
[Round "?"]
[White "Kostic, Vladimir"]
[Black "Muench, Klaus Norbert"]
[Result "1-0"]
[WhiteElo "2455"]
[BlackElo "2085"]

1.d4 Nf6 2.c4 g6 3.Nc3 Bg7 4.e4 O-O 5.Nf3 d6 6.Be2 e5 7.O-O Nc6 8.Be3 Ng4
9.Bg5 f6 10.Bc1 f5 11.Bg5 Bf6 12.Bxf6 Qxf6 13.dxe5 Ncxe5 14.Nxe5 Qxe5 15.Bxg4 fxg4
16.Nd5 Be6 17.Nxc7 Bxc4 18.Nxa8 Bxf1 19.Qxf1 Rxa8 20.Qc4+ Kh8 21.Qb4 Re8
22.Qxb7 Qxe4 23.Qxe4 Rxe4 24.Kf1 Rb4 25.b3 a5 26.Ke2 a4 27.Kd2 axb3 28.Kc3 Rf4
29.Kxb3 Rxf2 30.a4 g3 31.hxg3 Rxg2 32.a5 Rxg3+ 33.Kc4 Rg5 34.a6 Rc5+ 35.Kd4 Rc8
36.Kd5 h5 37.a7 Ra8 38.Kc6 Kg7 39.Kb7 Rxa7+ 40.Rxa7 Kf6 41.Kc6 Ke5 42.Rg7 Kf5
43.Kd5 h4 44.Kd4 Kf4 45.Rxg6 h3 46.Rh6 Kg3 47.Ke3 Kg2 48.Ke2 h2 49.Rg6+  1-0

[Event "Regionalliga SW9899"]
[Site "Bayern"]
[Date "1999.??.??"]
[Round "?"]
[White "Reichert, Leif"]
[Black "Epple, Ulrich"]
[Result "1-0"]
[WhiteElo "2245"]
[BlackElo "1605"]

1.c4 Nf6 2.Nc3 g6 3.e4 d6 4.d4 Bg7 5.Be2 O-O 6.Nf3 e5 7.O-O Nc6 8.d5 Ne7
9.Ne1 Nd7 10.Nd3 f5 11.Bd2 Nf6 12.f3 f4 13.c5 g5 14.cxd6 cxd6 15.Rc1 Ng6
16.Nb5 Qb6+ 17.Nf2 Rf7 18.a4 Bf8 19.Bb4 h5 20.h3 Qd8 21.Rc3 a6 22.Na3 a5
23.Rxc8 Rxc8 24.Be1 Nd7 25.Nd3 Nc5 26.Nxc5 Rxc5 27.Bf2 Rc8 28.Nc4 Be7 29.Bb6 Qe8
30.Bxa5 Nf8 31.Nb6 Ra8 32.Nxa8 Qxa8 33.Be1 Bd8 34.Bf2 Qa5 35.Qb3 b6 36.Rc1 Rc7
37.Rc6 Rxc6 38.dxc6+ Kg7 39.Bc4 Qa7 40.Qd1 Kf6 41.Qxd6+  1-0

[Event "Regionalliga SW9899"]
[Site "Bayern"]
[Date "1999.??.??"]
[Round "?"]
[White "Kupfahl, Wolfgang"]
[Black "Reichel, Manfred"]
[Result "0-1"]
[WhiteElo "1975"]
[BlackElo "1985"]

1.e4 d6 2.d4 g6 3.Nf3 Bg7 4.c4 Nf6 5.Nc3 O-O 6.Be2 Nc6 7.O-O e5 8.d5 Ne7
9.h3 Nh5 10.Re1 Kh8 11.Bf1 f5 12.exf5 Nxf5 13.Ne4 Nd4 14.Nxd4 exd4 15.Bg5 Qd7
16.Qd2 Qf7 17.Rad1 Bf5 18.g4 Bxe4 19.Rxe4 Nf6 20.Re6 Ng8 21.Bg2 h6 22.Bh4 Rae8
23.Rde1 Be5 24.Bg3 Rxe6 25.dxe6 Qg7 26.Bxb7 c5 27.Bg2 g5 28.Qd3 Bf4 29.b3 Ne7
30.Be4 Qe5 31.Re2 Bxg3 32.Qxg3 Rf4 33.Qd3 Qxe6 34.Bd5 Qf6 35.Qd2 Kg7 36.Re6 Qf8
37.Qe1 Ng6 38.Qd2 Ne5 39.Kg2 h5 40.Qe2  0-1

[Event "Landesliga Nord 9899"]
[Site "Bayern"]
[Date "1999.??.??"]
[Round "?"]
[White "Rupprecht, Andreas"]
[Black "Djeno, Drago"]
[Result "1-0"]
[WhiteElo "2195"]
[BlackElo "2135"]

1.c4 Nf6 2.Nc3 g6 3.e4 d6 4.d4 Bg7 5.Nf3 O-O 6.Be2 e5 7.O-O Nc6 8.d5 Ne7
9.b4 Ne8 10.c5 h6 11.Nd2 f5 12.Ba3 Kh7 13.b5 Ng8 14.Nc4 b6 15.cxd6 cxd6 16.Bb4 Ngf6
17.f3 f4 18.a4 Rf7 19.a5 Rb8 20.axb6 axb6 21.Na2 Bf8 22.Be1 Bd7 23.Na3 Nh5
24.Nb4 Qf6 25.Nc6 Rb7 26.Nc4 Be7 27.Bf2 Bd8 28.Qe1 Bc7 29.Ra6 g5 30.Nxb6 Bxb6
31.Rxb6 Rxb6 32.Bxb6 Qg6 33.Nb8 Bc8 34.Qc3 Bb7 35.Nc6 g4 36.Nd8 Rg7 37.Nxb7 Rxb7
38.Qc6 Rg7 39.Bd8 Nef6 40.Qxd6 gxf3 41.Bxf3 Rd7 42.Bxh5 Rxd6 43.Bxg6+ Kxg6
44.Bxf6 Rxf6 45.Rc1 Kg5 46.Rc6 Rf7 47.b6 Rb7 48.Re6 f3 49.gxf3 Kf4 50.Kf2 h5
51.Rf6+ Kg5 52.Re6 Kf4 53.Rf6+ Kg5 54.Rf5+ Kh4 55.Rxe5 Rxb6 56.Ke3 Rb3+ 57.Kf4 Rd3
58.Rf5 Rd2 59.h3 Rd1 60.Ke5 Kg3 61.Rxh5 Kxf3 62.d6 Ra1 63.Rf5+ Ke3 64.d7 Rd1
65.Ke6 Kxe4 66.Re5+ Kf4 67.Rd5  1-0

[Event "JUG-ch"]
[Site "Belgrade"]
[Date "1999.??.??"]
[Round "1"]
[White "Tosic, Miroslav"]
[Black "Antic, Dejan"]
[Result "1-0"]
[WhiteElo "2517"]
[BlackElo "2479"]

1.d4 Nf6 2.c4 g6 3.Nc3 Bg7 4.e4 d6 5.Nf3 O-O 6.Be2 e5 7.O-O Nc6 8.d5 Ne7
9.b4 Nh5 10.Nd2 Nf4 11.Nb3 f5 12.a4 g5 13.f3 Neg6 14.Ra2 h5 15.exf5 Bxf5
16.Rf2 Nxe2+ 17.Raxe2 g4 18.Ne4 Qd7 19.b5 b6 20.Bg5 Rae8 21.Re1 Nf4 22.fxg4 hxg4
23.Qb1 Qf7 24.Nbd2 Qg6 25.Qb3 Bh6 26.Bxh6 Qxh6 27.Qe3 Qg6 28.Nf1 Nh5 29.g3 Kg7
30.Nfd2 Bxe4 31.Nxe4 Rxf2 32.Qxf2 Nf6 33.Nxf6 Qxf6 34.Re4 Qf3 35.Qxf3 gxf3
36.Kf2 Kg6 37.Kxf3 Rf8+ 38.Kg2 Kf5 39.Rh4 Kg6 40.Rg4+ Kf5 41.Kf3 a6 42.bxa6 Ra8
43.Rg7 Rxa6 44.Rf7+ Kg6 45.Rxc7 Rxa4 46.h4 b5 47.cxb5 Ra3+ 48.Kg4 Ra4+ 49.Kh3 Rd4
50.Rc1 Rxd5 51.Rb1 Rc5 52.b6 Rc8 53.b7 Rb8 54.Kg4 Kf6 55.h5 Ke6 56.h6 Kf7
57.Kf5 Kg8 58.Ke6  1-0

[Event "Bretagne"]
[Site "Bretagne"]
[Date "1999.??.??"]
[Round "3"]
[White "Dumitrache, Dragos"]
[Black "Claverie, Christophe"]
[Result "1-0"]
[WhiteElo "2425"]
[BlackElo "2300"]

1.d4 Nf6 2.c4 g6 3.Nc3 Bg7 4.e4 d6 5.Be2 O-O 6.Nf3 e5 7.O-O Nc6 8.d5 Ne7
9.b4 Nh5 10.Re1 Nf4 11.Bf1 a5 12.bxa5 Rxa5 13.a4 c5 14.Ra3 Ra6 15.Nb5 h6
16.Nd2 Qd7 17.Nb3 g5 18.Be3 b6 19.a5 f5 20.axb6 Rxb6 21.f3 Kh8 22.Ra7 Qd8
23.Qd2 fxe4 24.fxe4 Ng8 25.Qa5 Nf6 26.Ra8 Nd7 27.Qa7 Ra6 28.Qxa6 Bxa6 29.Rxd8  1-0

[Event "Bristol op"]
[Site "Bristol"]
[Date "1999.??.??"]
[Round "3"]
[White "Beaumont, Chris"]
[Black "Buckley, Simon T"]
[Result "0-1"]
[WhiteElo "2298"]
[BlackElo "2144"]

1.Nf3 Nf6 2.c4 g6 3.Nc3 Bg7 4.d4 O-O 5.e4 d6 6.Be2 e5 7.O-O Nc6 8.d5 Ne7
9.Nd2 Ne8 10.b4 f5 11.c5 Nf6 12.f3 f4 13.a4 g5 14.Ba3 Ng6 15.Nc4 Rf7 16.b5 Bf8
17.b6 axb6 18.cxd6 cxd6 19.Qb3 Ne8 20.Nxb6 Rb8 21.a5 h5 22.Rac1 Bd7 23.Nxd7 Rxd7
24.Qb6 Qf6 25.Bb5 Rg7 26.Bxe8 Rxe8 27.Nb5 g4 28.Bxd6 Qg5 29.Bxf8 gxf3 30.Rc2 Rxf8
31.Rxf3 Nh4 32.Rff2 f3 33.Nc7 Qxg2+ 34.Rxg2 fxg2 35.Rc1 Nf3+ 36.Kf2 Nd4+
37.Ke3 Rf1  0-1

[Event "Cannes"]
[Site "Cannes"]
[Date "1999.??.??"]
[Round "1"]
[White "Nezar, Mustapha"]
[Black "Weil, Dany"]
[Result "1/2-1/2"]
[WhiteElo "2275"]
[BlackElo "2040"]

1.c4 Nf6 2.Nc3 g6 3.d4 Bg7 4.e4 d6 5.Nf3 O-O 6.Be2 e5 7.O-O Nc6 8.d5 Ne7
9.Ne1 Ne8 10.Be3 f5 11.f3 f4 12.Bf2 g5 13.a4 Rf7 14.c5 Bf8 15.cxd6 cxd6 16.a5 Ng6
17.Nb5 a6 18.Bb6 Qf6 19.Na3 h5 20.Nd3 Qh8 21.Nf2 Rg7 22.Rc1 Nf6 23.Bd8 Nh7
24.Nc4 Bd7 25.Bc7 Bb5 26.Nb6 Bxe2 27.Qxe2 Re8 28.Rc3 Nf6 29.h3 Nh4 30.Rfc1 Qh7
31.R1c2 Kh8 32.Na4 Be7 33.Bb6 Reg8 34.Rc8 Ng6 35.Rxg8+ Qxg8 36.Rc7 Bd8 37.Rxg7 Kxg7
38.Qc4 Qe8 39.Qc8 Bxb6 40.Qxb7+ Kh6 41.Nxb6 Qb5 42.Qf7 Qxa5 43.Nc8 Qe1+ 44.Kh2 Qxf2
45.Qxf6 Qg3+ 46.Kg1 Qe1+  1/2-1/2

[Event "Cannes"]
[Site "Cannes"]
[Date "1999.??.??"]
[Round "2"]
[White "Nezar, Mustapha"]
[Black "Matkovic, Tonci"]
[Result "1-0"]
[WhiteElo "2275"]
[BlackElo "2290"]

1.c4 Nf6 2.Nc3 g6 3.e4 d6 4.d4 Bg7 5.Be2 O-O 6.Nf3 Nc6 7.O-O e5 8.d5 Ne7
9.Ne1 Nd7 10.Be3 f5 11.f3 a5 12.Nd3 f4 13.Bf2 b6 14.b4 g5 15.bxa5 Rxa5 16.a4 h5
17.Nb5 Nc5 18.Be1 Ra8 19.a5 Ba6 20.axb6 cxb6 21.Nxc5 bxc5 22.Ba5 Qd7 23.Nc7 Ra7
24.Bb6 Rb7 25.Rxa6 Rfb8 26.Ba5 Rb1 27.Qxb1 Rxb1 28.Rxb1 Qa4 29.Kf1 g4 30.Be1 Qc2
31.Rb8+ Kf7 32.Ne8  1-0

[Event "Cannes op"]
[Site "Cannes"]
[Date "1999.??.??"]
[Round "3"]
[White "Baquero, Luis A"]
[Black "Acher, Mathieu"]
[Result "1-0"]
[WhiteElo "2350"]
[BlackElo "2232"]

1.d4 Nf6 2.c4 g6 3.Nc3 Bg7 4.e4 d6 5.Nf3 O-O 6.Be2 e5 7.O-O Nc6 8.d5 Ne7
9.b4 Nh5 10.Re1 Nf4 11.Bf1 f5 12.Bxf4 exf4 13.e5 dxe5 14.Nxe5 g5 15.Qb3 Bxe5
16.Rxe5 Ng6 17.Ree1 f3 18.g3 h5 19.c5 Kh7 20.Nb5 h4 21.d6 cxd6 22.Rad1 Qf6
23.Rxd6 Qg7 24.Qxf3 g4 25.Qc3 Qxc3 26.Nxc3 f4 27.Bd3 Bf5 28.Bxf5 Rxf5 29.Ree6 Ne5
30.gxf4 Nf7 31.Rd7 Rxf4 32.Ne4 Rf8 33.Ng5+ Kg8 34.Rg6+ Kh8 35.Nxf7+ R8xf7
36.Rxf7 Rxf7 37.Rxg4  1-0

[Event "Cannes op"]
[Site "Cannes"]
[Date "1999.??.??"]
[Round "9"]
[White "Wiley, Tom E"]
[Black "Lamorelle, Yves"]
[Result "0-1"]
[WhiteElo "2280"]
[BlackElo "2171"]

1.d4 Nf6 2.c4 g6 3.Nc3 Bg7 4.e4 O-O 5.Nf3 d6 6.Be2 e5 7.O-O Nc6 8.d5 Ne7
9.b4 Nh5 10.Re1 Nf4 11.Bf1 h6 12.c5 g5 13.cxd6 cxd6 14.Be3 f5 15.exf5 Bxf5
16.Rc1 Bg4 17.Bxf4 Rxf4 18.Re4 Bxf3 19.gxf3 a6 20.Bh3 Ng6 21.Be6+ Kh8 22.Rxf4 Nxf4
23.Bf5 Qf6 24.Bb1 Rc8 25.Kf1 Qf7 26.Be4 Qh5 27.Ne2 Qh3+ 28.Ke1 Ng2+ 29.Kd2 Rf8
30.Rc7 g4 31.Ng3 gxf3 32.Bb1 Qh4 33.Qc2 Qxb4+ 34.Kc1 Qe1+ 35.Kb2 e4+ 36.Kb3 a5
37.a3 Nf4 38.Nxe4 a4+ 39.Kxa4 Nxd5 40.Nc3 Nxc3+ 41.Rxc3 Rf4+ 42.Kb5 Qe8+
43.Kb6 Bd4+ 44.Kxb7 Qb5+  0-1

[Event "Crans Montana op"]
[Site "Crans Montana"]
[Date "1999.??.??"]
[Round "5"]
[White "Tukmakov, Vladimir B"]
[Black "Pavlovic, Milos"]
[Result "0-1"]
[WhiteElo "2581"]
[BlackElo "2525"]

1.d4 Nf6 2.Nf3 g6 3.c4 Bg7 4.Nc3 O-O 5.e4 d6 6.Be2 e5 7.O-O Nc6 8.d5 Ne7
9.b4 a5 10.Ba3 b6 11.bxa5 Nh5 12.Re1 f5 13.Nd2 Nf6 14.Bf1 Rxa5 15.Bb2 Bd7
16.a4 Bh6 17.f3 fxe4 18.Ndxe4 Nf5 19.Nxf6+ Qxf6 20.Ne4 Qh4 21.Bc3 Raa8 22.a5 bxa5
23.Rxa5 Be3+ 24.Kh1 Bf4 25.h3 Ng3+ 26.Kg1 Nxe4 27.Rxe4 Qg3 28.Qa1 Rxa5 29.Qxa5 Bf5
30.Re2 Qh2+ 31.Kf2 Bg3+ 32.Ke3 Qg1+  0-1

[Event "CZE-chT2 9899"]
[Site "CZE"]
[Date "1999.??.??"]
[Round "?"]
[White "Vacek, Radomir"]
[Black "Taborsky, Rostislav"]
[Result "1-0"]
[WhiteElo "2240"]
[BlackElo "2165"]

1.d4 Nf6 2.c4 g6 3.Nf3 Bg7 4.Nc3 O-O 5.e4 d6 6.Be2 e5 7.O-O Nc6 8.d5 Ne7
9.Ne1 Nd7 10.Nd3 f5 11.Bd2 Nf6 12.f3 f4 13.g4 g5 14.Be1 h5 15.h3 Ng6 16.Bf2 Rf7
17.b4 Bf8 18.c5 Rh7 19.Qb3 hxg4 20.hxg4 Nh5 21.Kg2 Ng3 22.Bxg3 fxg3 23.Rh1 Rh4
24.c6 Qe7 25.cxb7 Bxb7 26.Kxg3 Qh7 27.Kg2 Ba6 28.b5 Bc8 29.Raf1 Bd7 30.Qc4 Rc8
31.Nd1 Be7 32.Ne3 Nf4+ 33.Nxf4 gxf4 34.Nf5 Bxf5 35.exf5 Kf7 36.Rxh4 Qxh4
37.Rh1 Qg3+ 38.Kf1 Bh4 39.Rxh4 Qxh4 40.Qc6 Qh1+ 41.Kf2 Qh4+ 42.Kf1 Qe7 43.Qb7 Rh8
44.Qxa7 Rh2 45.g5 Rh4 46.f6 Qd7 47.b6 Rh1+ 48.Kf2 Rh2+ 49.Ke1 Rh1+ 50.Kd2 Rb1  1-0

[Event "CZE-chT2 9899"]
[Site "CZE"]
[Date "1999.??.??"]
[Round "?"]
[White "Vodicka, Vlastimil"]
[Black "Vacek, Radomir"]
[Result "1/2-1/2"]
[WhiteElo "2210"]
[BlackElo "2240"]

1.Nf3 g6 2.d4 Nf6 3.c4 Bg7 4.Nc3 O-O 5.e4 d6 6.Be2 e5 7.O-O Nc6 8.Be3 Ng4
9.Bg5 f6 10.Bh4 Nh6 11.dxe5 dxe5 12.Qxd8 Nxd8 13.Nd5 Ne6 14.Rfd1 Rf7 15.h3  1/2-1/2

[Event "CZE-chT2 9899"]
[Site "CZE"]
[Date "1999.??.??"]
[Round "?"]
[White "Hajek, Josef"]
[Black "Belaska, Premysl"]
[Result "1-0"]
[WhiteElo "2215"]
[BlackElo "2290"]

1.d4 Nf6 2.c4 g6 3.Nc3 Bg7 4.e4 d6 5.Be2 O-O 6.Nf3 e5 7.O-O Nc6 8.d5 Ne7
9.Ne1 Nd7 10.f3 f5 11.g4 Kh8 12.Ng2 a5 13.h4 f4 14.Bd2 Nc5 15.b3 Bd7 16.Rb1 b6
17.Be1 Qb8 18.Bf2 Qb7 19.Kh2 Rfb8 20.Qd2 Qc8 21.Ne1 Rb7 22.Nc2 Ng8 23.a3 Bf8
24.b4 axb4 25.axb4 Na4 26.Nb5 Nf6 27.Qd3 Ne8 28.Nca3 c5 29.dxc6 Bxc6 30.Rfd1 Qd8
31.Kg2 Be7 32.Rh1 Ng7 33.Bd1 Qd7 34.Bb3 Bxb5 35.Nxb5 d5 36.exd5 Bxb4 37.Ra1 e4
38.Qc2 exf3+ 39.Kxf3 Re8 40.Bxa4  1-0

[Event "CZE-chT2V 9899"]
[Site "CZE"]
[Date "1999.??.??"]
[Round "?"]
[White "Hala, Bohumil"]
[Black "Holoubkova, Martina"]
[Result "0-1"]
[WhiteElo "2195"]
[BlackElo "2300"]

1.d4 Nf6 2.Nf3 d6 3.c4 g6 4.Nc3 Bg7 5.e4 O-O 6.Be2 e5 7.O-O Nc6 8.d5 Ne7
9.b4 Nd7 10.Ba3 f5 11.Nd2 Nf6 12.f3 Bh6 13.c5 Be3+ 14.Kh1 Nh5 15.Nc4 Bd4
16.Rc1 f4 17.Qe1 Nf5 18.h3 Nhg3+ 19.Kh2 Ne3 20.Nb5 Ngxf1+ 21.Bxf1 Nxc4 22.Rxc4 Be3
23.Bb2 Bd7 24.Na3 a5 25.Nc2 Bb5 26.Nxe3 fxe3 27.Rc2 Bxf1 28.Qxf1 axb4 29.Qe1 Qe7
30.Qxb4 dxc5 31.Qb3 Qd6 32.a3 b6 33.Qxe3 Qf6 34.Qc3 Rfe8 35.Rf2 Ra4 36.g3 Rxe4
37.Kg2 Rd4 38.Qb3 Qf7 39.Bxd4 exd4 40.Qb5 Rd8 41.Re2 Qxd5 42.Re7 Rf8 43.Qe2 d3  0-1

[Event "CZE-chT 9899"]
[Site "CZE"]
[Date "1999.??.??"]
[Round "5"]
[White "Belunek, Vladimir"]
[Black "Kupka, Slavoj"]
[Result "1/2-1/2"]
[WhiteElo "2240"]
[BlackElo "2330"]

1.Nf3 Nf6 2.c4 g6 3.Nc3 Bg7 4.d4 O-O 5.e4 d6 6.Be2 e5 7.O-O Nc6 8.d5 Ne7
9.Ne1 Ne8 10.Nd3 f5 11.f3 f4 12.Bd2 h5 13.c5 g5 14.Rc1 Ng6 15.cxd6 cxd6 16.Nf2 Rf7
17.Qb3 Bf8 18.a4 Rg7 19.h3 Nh4 20.Rc2 Nf6 21.Be1 a6 22.Nd3 Ng6 23.Nf2 Nh4
24.Nd3 Ng6 25.Nf2 Nh4  1/2-1/2

[Event "Moravia-chT 9899"]
[Site "CZE"]
[Date "1999.??.??"]
[Round "10"]
[White "Civin, Tomas"]
[Black "Ramik, Zdenek"]
[Result "1/2-1/2"]
[WhiteElo "2270"]
[BlackElo "2305"]

1.d4 Nf6 2.Nf3 d6 3.c4 g6 4.Nc3 Bg7 5.e4 O-O 6.Be2 e5 7.O-O Nc6 8.d5 Ne7
9.Nd2 c5 10.a3 Ne8 11.b4 b6 12.bxc5 dxc5 13.a4 a5 14.Ndb1 Bd7 15.f4 Nc8 16.Kh1 Ncd6
17.Ra2 Qe7 18.Bd3 exf4 19.Bxf4 Be5 20.Qf3 f6 21.Rb2 Rb8 22.Bxe5 fxe5 23.Qxf8+  1/2-1/2

[Event "EU-ch Union SCIPT"]
[Site "DEN"]
[Date "1999.??.??"]
[Round "2"]
[White "Schmidt, Wlodzimierz"]
[Black "Pfeifer, Tamas"]
[Result "1-0"]
[WhiteElo "2435"]
[BlackElo "2260"]

1.Nf3 Nf6 2.c4 g6 3.Nc3 Bg7 4.e4 d6 5.d4 O-O 6.Be2 e5 7.O-O Nc6 8.d5 Ne7
9.b4 a5 10.Ba3 Ne8 11.c5 Bh6 12.cxd6 cxd6 13.Nd2 Bxd2 14.Qxd2 f5 15.Kh1 f4
16.Rab1 axb4 17.Bxb4 g5 18.g4 Rf6 19.f3 Ng6 20.Nb5 Nh4 21.Qb2 Qe7 22.Be1 Rh6
23.Rc1 Rf6 24.Bf2 Rf7 25.Na7 Qd7 26.Bb6 Rxa7 27.Bxa7 Nf6 28.Qb6 Nxe4 29.Bb5  1-0

[Event "EU-ch Union SCIPT"]
[Site "DEN"]
[Date "1999.??.??"]
[Round "3"]
[White "Ahlander, Bjorn"]
[Black "Schwartz, AJ."]
[Result "1/2-1/2"]
[WhiteElo "2435"]
[BlackElo "2215"]

1.d4 Nf6 2.c4 g6 3.Nc3 Bg7 4.e4 d6 5.Be2 O-O 6.Nf3 e5 7.O-O Nc6 8.Be3 Ng4
9.Bg5 f6 10.Bc1 Kh8 11.d5 Ne7 12.b4 f5 13.Ng5 Nf6 14.Bf3 Ne8 15.c5 h6 16.Ne6 Bxe6
17.dxe6 Qc8 18.Qb3 Rf6 19.Bb2 Qxe6 20.exf5 gxf5 21.Bxb7 Rb8 22.c6 d5 23.b5 Nd6
24.Na4 Ne4 25.Qc2 Rg6 26.Rae1 Rg8 27.f3 Bf6 28.Re2 Ng5 29.Kh1 e4  1/2-1/2

[Event "UKR-ch U18"]
[Site "Dnepropetrovsk"]
[Date "1999.??.??"]
[Round "2"]
[White "Khaetsky, Roman"]
[Black "Efimenko, Zahar"]
[Result "1/2-1/2"]
[WhiteElo "2294"]
[BlackElo "2343"]

1.Nf3 Nf6 2.c4 g6 3.Nc3 Bg7 4.e4 d6 5.d4 O-O 6.Be2 e5 7.O-O Nc6 8.d5 Ne7
9.Ne1 Nd7 10.f3 f5 11.g4 h5 12.g5 h4 13.Be3 f4 14.Bf2 h3 15.Kh1 Kf7 16.c5 Nxc5
17.Bxc5 dxc5 18.Qb3 Ke8 19.Qb5+ c6 20.dxc6 Nxc6 21.Qxc5 Qd4 22.Nd3 Qxc5 23.Nxc5 Nd4
24.Bc4 b6 25.Na6 Ke7 26.Rac1 Bd7 27.Nc7 Rab8 28.a4 Kd8 29.N7d5 Rh8 30.Nb5 Rh5
31.Nxd4 exd4 32.Rg1 Be5 33.Bb5 Rc8 34.Rxc8+ Bxc8 35.Nf6 Rh8 36.Rd1 Be6 37.Kg1 Ke7
38.Rc1 Rc8 39.Rxc8 Bxc8 40.Nd5+ Kd6 41.b4 Be6 42.Kf2 Bxd5 43.exd5 Kxd5 44.Bd3 Bd6
45.b5 Be7 46.Bxg6 Bxg5 47.Bf5 Kc4 48.Ke2 Kc3 49.Bxh3 d3+ 50.Kd1  1/2-1/2

[Event "Dresden (Women)"]
[Site "Dresden"]
[Date "1999.??.??"]
[Round "?"]
[White "Lomineishvili, Maia"]
[Black "Heymann, Ulrike"]
[Result "1-0"]
[WhiteElo "2385"]
[BlackElo "2195"]

1.d4 g6 2.c4 Bg7 3.Nc3 Nf6 4.e4 d6 5.Be2 O-O 6.Nf3 e5 7.O-O Nc6 8.d5 Ne7
9.b4 Nh5 10.Re1 a5 11.bxa5 Rxa5 12.a4 Nf4 13.Bf1 f5 14.Bxf4 exf4 15.e5 dxe5
16.Nxe5 Qd6 17.Qe2 f3 18.gxf3 f4 19.Nb5 Qf6 20.Nxc7 Qg5+ 21.Kh1 Rf5 22.Ng4 Bxa1
23.Qxe7 Qxe7 24.Rxe7 Bg7 25.Ne8 Rf7 26.Nef6+ Rxf6 27.Nxf6+ Bxf6 28.Re8+ Kf7
29.Rxc8 Rxa4 30.Rc7+ Kf8 31.c5 Ra1 32.Kg2 Ra2 33.Rc8+ Kg7 34.Rc7+ Kf8 35.Bc4 Rc2
36.Bb3 Rc3 37.Rxb7 Rxc5 38.d6 Bg5 39.Rb8+ Kg7 40.d7 Rc3 41.Bd5 Rc7 42.d8=Q Bxd8
43.Rxd8 Kf6 44.Rf8+ Kg5 45.Rf7 Rxf7 46.Bxf7 Kh4 47.Bg8 h6 48.Bf7 Kg5 49.Kh3 h5
50.Be8  1-0

[Event "Dresden op"]
[Site "Dresden"]
[Date "1999.??.??"]
[Round "?"]
[White "Schmidt, Bodo"]
[Black "Maiwald, Jens Uwe"]
[Result "1/2-1/2"]
[WhiteElo "2380"]
[BlackElo "2485"]

1.d4 g6 2.Nf3 Bg7 3.c4 Nf6 4.Nc3 O-O 5.e4 d6 6.Be2 e5 7.O-O Nc6 8.d5 Ne7
9.Ne1 Ne8 10.Nd3 f5 11.Bd2 Kh8 12.f3 c6 13.a4 a5 14.Rb1 f4 15.b4 axb4 16.Rxb4 h5
17.Qb3 g5 18.Nf2 Ra7 19.Rb1 Rg8 20.h3 Bf8 21.Be1 Nf6 22.Kf1 Rg6 23.Qd1 c5
24.R4b2 Neg8 25.a5 Nh6 26.Na4 g4 27.Nb6 gxh3 28.Nxc8 hxg2+ 29.Kg1 Qxc8 30.a6 Rxa6
31.Rxb7 Ra8 32.Qb3 Nh7 33.Rb8 Rxb8 34.Qxb8 Qxb8 35.Rxb8 Rg8 36.Nh3 Be7 37.Rxg8+ Kxg8
38.Bd1 Kf7 39.Kxg2 Nf8 40.Ba4 Bf6 41.Ng1 Ke7 42.Kh3 Nf7 43.Bb5 Ng6 44.Ba4 Ng5+
45.Kg2 Nh7 46.Kh3 Bg5 47.Bb5 Nf6 48.Ba4 Ne8 49.Bc6 Bf6 50.Ne2 Nh8 51.Nc3 Nf7
52.Nb5 Ng5+ 53.Kg2 Ng7 54.Na7 Nf7 55.Ba5 Ne8 56.Nc8+ Kf8 57.Bd7 Be7 58.Be6 Ng5  1/2-1/2